Informe final de consultoría. Capacitación de facilitadores as para la formulación de proyectos /

En este documento se detalla un taller, para el proceso modular de capacitación, que permita aplicar un modelo sencillo para la redacción, ejecución y seguimiento de un proyecto de desarrollo. Cuenta con los pasos para realizar un diagnóstico participativo, las fases para la formulación de proyectos...

Descrizione completa

Salvato in:
Dettagli Bibliografici
Autore principale: Blotta, Marco Vinicio
Ente Autore: Proyecto de Fortalecimiento de la Autogestión Comunitaria
Altri autori: Molina Rodríguez, Eugenia, coord
Natura: testo
Lingua:Spanish
Pubblicazione: San José: PROFAC
Soggetti:
Tags: Aggiungi Tag
Nessun Tag, puoi essere il primo ad aggiungerne!!

MARC

LEADER 00000 a a2200000 04500
001 19148
003 cru IIS
005 20220504093456.0
008 220504b1999 CR ||||| |||| 00| 0 spa d
040 |b spa  |c cru IIS 
090 |a 05.03.03 P969c 
100 |a Blotta, Marco Vinicio  
110 |a Proyecto de Fortalecimiento de la Autogestión Comunitaria  
245 |a Informe final de consultoría. Capacitación de facilitadores as para la formulación de proyectos /  |a Marco Vinicio Blotta 
260 |a San José:   |b PROFAC  
300 |a 42 p  
300 |b **no definido**   |b il.  
520 |a En este documento se detalla un taller, para el proceso modular de capacitación, que permita aplicar un modelo sencillo para la redacción, ejecución y seguimiento de un proyecto de desarrollo. Cuenta con los pasos para realizar un diagnóstico participativo, las fases para la formulación de proyectos de desarrollo, la redacción de un proyecto de desarrollo, la organización para ejecutar un proyecto de desarrollo y la evaluación y seguimiento de proyectos.  
650 |a DISEÑO DE PROYECTOS  
650 |a APRENDIZAJE  
650 |a EDUCACION COMUNITARIA  
700 |a Molina Rodríguez, Eugenia  
700 |a coord  
942 |2 z  |c LI  |e 05.03.03 P969c  |h 22565  |6 22565 
999 |c 17109  |d 17109